Central Library OPAC University of Rajshahi

শতাব্দীর গল্প : (Record no. 49126)

MARC details
000 -LEADER
fixed length control field 01136nam a2200253 a 4500
001 - CONTROL NUMBER
control field 49126
003 - CONTROL NUMBER IDENTIFIER
rucl marc code BD-RjUL
005 - DATE AND TIME OF LATEST TRANSACTION
control field 20211209054634.0
008 - FIXED-LENGTH DATA ELEMENTS--GENERAL INFORMATION
fixed length control field 160817s1972 ii ||||| |||| 00| f ben d
020 ## - INTERNATIONAL STANDARD BOOK NUMBER
Terms of availability : Tk. 10.00
035 ## - SYSTEM CONTROL NUMBER
System control number (BD-RjUL)49245
040 ## - CATALOGING SOURCE
Original cataloging agency BD-RjUL
Language of cataloging ben
Transcribing agency BD-RjUL
041 ## - LANGUAGE CODE
Language code of text/sound track or separate title ben
082 ## - DEWEY DECIMAL CLASSIFICATION NUMBER
Edition number 23
Classification number 891.44308
Author mark and year SAT 1972
245 00 - TITLE STATEMENT
Title শতাব্দীর গল্প :
Remainder of title দুই বাংলার গল্প সংকলন /
Statement of responsibility, etc. মৃণাল চট্টোপাধ্যায়, অমিয়ধরন মুখোপাধ্যায় সম্পাদিত
260 ## - PUBLICATION, DISTRIBUTION, ETC. (IMPRINT)
Place of publication, distribution, etc. কলকাতা :
Name of publisher, distributor, etc. নব নিকেতন,
Date of publication, distribution, etc. ১৯৭২
300 ## - PHYSICAL DESCRIPTION
Pagination খণ্ড ;
Size ২০ সেমি.
505 0# - FORMATTED CONTENTS NOTE
Formatted contents note খণ্ড ১ ---
650 ## - SUBJECT ADDED ENTRY--TOPICAL TERM
Topical term or geographic name as entry element বাংলা উপন্যাস
General subdivision সংগ্রহ
9 (RLIN) 124121
Topical term or geographic name as entry element Bengali Fiction
General subdivision Collection
9 (RLIN) 124122
700 ## - ADDED ENTRY--PERSONAL NAME
Personal name চট্টোপাধ্যায়, মৃণাল, সম্পাদক
Personal name মুখোপাধ্যায়, অমিয়ধরন, সম্পাদক
942 ## - ADDED ENTRY ELEMENTS (KOHA)
Source of classification or shelving scheme Dewey Decimal Classification
Koha item type Books
Holdings
Lost status Source of classification or shelving scheme Damaged status Not for loan Collection code Permanent Location Current Location Shelving location Date acquired Source of acquisition Cost, normal purchase price Total Checkouts Full call number Date last seen Copy number Koha item type
  Dewey Decimal Classification     Fiction Central Library, University of Rajshahi Central Library, University of Rajshahi   12/09/1973 Nawroge 10.00   B 891.44308 SAT V-1 1972 17/08/2016 C-2 Books